| 000 | 00521nam a22001817a 4500 | ||
|---|---|---|---|
| 003 | CEME | ||
| 005 | 20210628203729.0 | ||
| 008 | 210317b xxu||||| |||| 00| 0 eng d | ||
| 020 | _a0-8031-0958-X | ||
| 040 | _c. | ||
| 082 | _a620.18935 TEN'D | ||
| 100 |
_aTenckhoff, Erick _967061 |
||
| 245 | _aDeformation mechanism texture and anisotropy in zirconium and zircaloy | ||
| 260 |
_aUSA _bASTM _c1988 |
||
| 300 | _a77P | ||
| 650 |
_aZIRCONIUM ZIRCONIUM ALLOYS DEFORMATION TEXTURE ANISOTROPHY _967062 |
||
| 942 |
_cBK _2ddc |
||
| 999 |
_c574913 _d574913 |
||